000 00481nam a2200133 a 4500
008 120416s1958 xx |||||||||||||| || u
050 _aTT 185 Luk
100 _aLuker, Edwin W
245 1 0 _aSchool craftwork in wood
246 _aa textbook for craft teachers, students and woodworkers...
260 _c1958
350 _a0.00
995 _D0.00
_FCBU-MAIN LIBRARY (Kitwe)
_H1
_I3.95
_UAVAILABLE
_ZAnnex Low-Usage Collection
999 _c57052
_d57052